000 00397nam a2200145Ia 4500
008 090124s9999 xx 000 0 und d
082 _b202425
245 _aTHE ADMINISTRATOR IN A WELFARE STATE
250 _a1
260 _bRANGANATHANANDA SWAMI
_c1966
300 _a20
630 _aTHE ADMINISTRATOR IN A WELFARE STATE
730 _aTHE ADMINISTRATOR IN A WELFARE STATE
942 _cBOOK
999 _c184006
_d184006